| 000 | 00468nam a2200145Ia 4500 | ||
|---|---|---|---|
| 008 | 151021s9999 xx 000 0 und d | ||
| 020 | _a9.7818478734e+012 | ||
| 050 | _aHD 58.7 G73 2009 | ||
| 245 | _a_A very short,fairly interesting and reasonably cheap book about studying organizations | ||
| 260 | _alondon sage publication 2010 | ||
| 300 | _axvii,187p | ||
| 500 | _aincludes index | ||
| 650 | _a_studying organisations | ||
| 980 | _a^d20120109 11:23:35^okorir | ||
| 999 |
_c8303 _d8303 |
||